000 00556nam a2200193Ia 4500
003 IN-BaIIA
008 211028s9999 xx 000 0 eng d
020 _a13-469056-7
040 _cIIA Library
080 _a621.38
_bHOL
245 0 _aIntegrated electronic systems
_cedited by Nick Holonyak Jr.
260 _aEnglewoodcliffs, N. J.
_bPrentice-Hall
_c1970
300 _axvi, 472p.
490 _aSolid State Physical Electronics Series
650 _aCircuits
_91974
650 _aElectronics
_91576
700 _aHolonyak, Nick., ed.
_96753
942 _cBK
999 _c3804
_d3804